Central Library OPAC University of Rajshahi

Study of the Anther Culture and Comparison of GxE Models for Selection of Stable Genotypes in Chilli (Capsicum annuum L.) / (Record no. 80842)

MARC details
000 -LEADER
fixed length control field 01043nam a2200253 a 4500
001 - CONTROL NUMBER
RUCL Control Number 80842
003 - CONTROL NUMBER IDENTIFIER
rucl marc code BD-RjUL
005 - DATE AND TIME OF LATEST TRANSACTION
control field 20230607104129.0
008 - FIXED-LENGTH DATA ELEMENTS--GENERAL INFORMATION
fixed length control field 221124s2002 bg a|||| m||| 00| 0 eng d
035 ## - SYSTEM CONTROL NUMBER
system control number (BD-RjUL)80842
040 ## - CATALOGING SOURCE
Original cataloging agency BD-RjUL
Language of cataloging eng
Transcribing agency BD-RjUL
Modifying agency BD-RjUL
041 ## - LANGUAGE CODE
Language code of Book eng
082 ## - DEWEY DECIMAL CLASSIFICATION NUMBER
DDC Edition number 23
Classification number 583.79
Author mark and Year ISS 2002
100 ## - MAIN ENTRY--PERSONAL NAME
Personal name Islam, Md. Aminul
9 (RLIN) 5279
245 10 - TITLE STATEMENT
Name of Supervisor/Co-Supervisor Supervisors : M. A. Khaleque & O. I. Joarder
Title Study of the Anther Culture and Comparison of GxE Models for Selection of Stable Genotypes in Chilli (Capsicum annuum L.) /
Statement of responsibility, etc Submitted by Md. Aminul Islam ;
260 ## - PUBLICATION, DISTRIBUTION, ETC. (IMPRINT)
Place of publication, distribution, etc Rajshahi :
Name of publisher, distributor, etc Department of Genetics & Breeding, University of Rajshahi,
Date of publication, distribution, etc 2002
300 ## - PHYSICAL DESCRIPTION
Pagination [9], 170 leaves :
Other physical details ill.;
Dimensions 29 cm.
502 ## - DISSERTATION NOTE
Dissertation note Thesis(M.Phil.)-- Department of Genetics & Breeding, University of Rajshahi,,2002
504 ## - BIBLIOGRAPHY, ETC. NOTE
Bibliography, etc References : Leaves 157-165
650 ## - SUBJECT ADDED ENTRY--TOPICAL TERM
Topical term or geographic name as entry element Magnoliopsida
Form subdivision Geraniales
General subdivision Bio-Chemical
9 (RLIN) 4336
700 ## - ADDED ENTRY--SUPERVISOR/CO-SUPERVISOR NAME
Personal name Khaleque, M. A. Supervisors
9 (RLIN) 6015
Personal name Joarder, O. I. Supervisors
9 (RLIN) 6016
942 ## - ADDED ENTRY ELEMENTS (KOHA)
Source of classification or shelving scheme Dewey Decimal Classification
Koha item type Theses
Holdings
Source of classification or shelving scheme Damaged status Not for loan Collection code Permanent Location Current Location Shelving location Date of accession Source of acquisition Total Checkouts Full call number Barcode Date last seen Copy number Thesis
Dewey Decimal Classification   Not For Loan Theses Central Library, University of Rajshahi Central Library, University of Rajshahi Documentation Section 22/06/2003 Controller of Exam. R.U.   THE 583.79 ISS 2002 D2169 24/11/2022 C-1 Theses